000 01316nam a2200313 4500
003 EC-UNACH
005 20251006122521.0
006 s||||gr|||| 00| 00
008 150116t9999 mx r gr 000 0 spa d
020 _a 978-958-762-121-1
040 _aEC-UNACH
_cEC-UNACH
041 _aspa
082 0 4 _223
_a658.159.2
_bL0111526
110 _aEdiciones de la U
245 _aEmprendimiento y empresarismo : diferencias, conceptos, cultura emprendedora, idea y proyecto de empresa
250 _aPrimera edición
264 _aBogotá - Colombia
_bEdiciones de la U
_c2013
300 _a129 páginas
_bCuadros, Tablas
505 _aIntroducción Capítulo 1. El Emprendimiento -- Capítulo 2. El Emprendimiento Empresarial -- Capítulo 3. El ecosistema emprendedor -- Capítulo 4. El emprendimiento empresarial estudio de casos -- Capítulo 5. La idea y el proyecto de empresa -- Capítulo 6. Conclusiones y recomendaciones -- Referencias Bibliográficas --
650 _aTIPOS DE EMPRENDIMIENTOS
650 _aLLUVIA DE IDEAS
650 _aVIDA DEL PRODUCTO
700 _aUribe Macías, Mario Enrique
700 _aReinoso Lastra, Juan Fernando
942 _2ddc
_c1
999 _c13983